Domesticating fears and fantasies of ‘the East’: integrating the Ottoman legacy within European heritage (Record no. 315967)
[ view plain ]
| 000 -LEADER | |
|---|---|
| fixed length control field | 00476nam a2200145Ia 4500 |
| 008 - FIXED-LENGTH DATA ELEMENTS--GENERAL INFORMATION | |
| fixed length control field | 170224s9999 xx 000 0 und d |
| 100 ## - MAIN ENTRY--PERSONAL NAME | |
| Personal name | Derek Bryce |
| 245 ## - TITLE STATEMENT | |
| Title | Domesticating fears and fantasies of ‘the East’: integrating the Ottoman legacy within European heritage |
| 245 ## - TITLE STATEMENT | |
| Statement of responsibility, etc | Derek Bryce & Senija Čaušević |
| 260 ## - PUBLICATION, DISTRIBUTION, ETC. (IMPRINT) | |
| Name of publisher, distributor, etc | Journal of Marketing Research |
| 260 ## - PUBLICATION, DISTRIBUTION, ETC. (IMPRINT) | |
| Date of publication, distribution, etc | 2016 |
| 300 ## - PHYSICAL DESCRIPTION | |
| Extent | 32:15-16,Pages: 1419-1440 |
| 500 ## - GENERAL NOTE | |
| General note | November |
| 650 ## - SUBJECT ADDED ENTRY--TOPICAL TERM | |
| General subdivision | Marketing. |
| Withdrawn status | Lost status | Damaged status | Home library | Current library | Date acquired | Total Checkouts | Date last seen | Price effective from | Koha item type |
|---|---|---|---|---|---|---|---|---|---|
| College Library | College Library | 02/24/2017 | 02/24/2017 | 02/24/2017 | Periodicals |